| 000 | 05234cam a22019094i 4500 | ||
|---|---|---|---|
| 003 | PE-LiUPU | ||
| 005 | 20250813165337.0 | ||
| 008 | 160404s2012 sp a rb 000 0 spa d | ||
| 020 | _a8436826868 | ||
| 020 | _a9788436826869 | ||
| 035 | _a(Sirsi) a156499 | ||
| 040 |
_aPE-LiUPU _bspa _cPE-LiUPU _erda |
||
| 082 | 0 | 4 |
_a616 _bE19 _221 |
| 082 | 0 | 4 |
_a616.89 _bE16 _220 |
| 100 | 1 |
_aEcheburúa, Enrique, _eautor. |
|
| 245 | 1 | 0 |
_aAdicción a las redes sociales y nuevas tecnologías en niños y adolescentes : _bguía para educadores / _cEnrique Echaburúa, Ana Requesens. |
| 264 | 1 |
_aMadrid : _bPirámide, _c2012. |
|
| 300 |
_a187 páginas : _bilustraciones ; _c23 centímetros. |
||
| 336 |
_atext _2rdacontent |
||
| 337 |
_aunmediated _2rdamedia |
||
| 338 |
_avolume _2rdacarrier |
||
| 490 | 0 | _aColección "Ojos Solares" - Tratamiento. | |
| 505 | 0 | _aLas redes sociales y las nuevas tecnologías: el mundo de internet -- Los adolescentes y el comportamiento social -- Los jóvenes y las nuevas tecnologías -- Adicción a las redes sociales -- Otros riesgos -- ¿Cuándo se encienden las luces rojas de alarma? -- Factores de riesgo y factores de protección -- Prevención y estrategías preventivas -- Consejos para padres y educadores -- Reflexiones finales. | |
| 526 | _aP203 | ||
| 526 | _aP200 | ||
| 526 | _aSEG65 | ||
| 526 | _aSEG64 | ||
| 526 | _aSEG63 | ||
| 526 | _aSEG62 | ||
| 526 | _aSEG61 | ||
| 526 | _aSEG60 | ||
| 526 | _aSEG59 | ||
| 526 | _aSEG58 | ||
| 526 | _aSEG57 | ||
| 526 | _aSEG56 | ||
| 526 | _aSEG55 | ||
| 526 | _aSEG54 | ||
| 526 | _aSEG53 | ||
| 526 | _aSEG52 | ||
| 526 | _aSEG51 | ||
| 526 | _aSEG50 | ||
| 526 | _aSEG49 | ||
| 526 | _aSEG48 | ||
| 526 | _aSEG47 | ||
| 526 | _aSEG46 | ||
| 526 | _aSEG24 | ||
| 526 | _aSEG23 | ||
| 526 | _aSEG22 | ||
| 526 | _aSEG21 | ||
| 526 | _aSEG20 | ||
| 526 | _aSEG19 | ||
| 526 | _aSEG18 | ||
| 526 | _aSEG17 | ||
| 526 | _aSEG16 | ||
| 526 | _aSEG14 | ||
| 526 | _aSEG13 | ||
| 526 | _aSEG12 | ||
| 526 | _aSEG11 | ||
| 526 | _aSEG10 | ||
| 526 | _aSEG09 | ||
| 526 | _aSEG06 | ||
| 526 | _aSEG05 | ||
| 526 | _aSEG04 | ||
| 526 | _aSEG03 | ||
| 526 | _aSEG02 | ||
| 526 | _aSEG68 | ||
| 526 | _aSEG66 | ||
| 526 | _aSEG45 | ||
| 526 | _aSEG25 | ||
| 526 | _aSEG01 | ||
| 526 | _aP163 | ||
| 526 | _aP162 | ||
| 526 | _aP161 | ||
| 526 | _aP160 | ||
| 526 | _aP159 | ||
| 526 | _aP158 | ||
| 526 | _aP157 | ||
| 526 | _aP156 | ||
| 526 | _aP155 | ||
| 526 | _aP154 | ||
| 526 | _aP153 | ||
| 526 | _aP152 | ||
| 526 | _aP151 | ||
| 526 | _aP150 | ||
| 526 | _aP149 | ||
| 526 | _aP142 | ||
| 526 | _aP141 | ||
| 526 | _aP140 | ||
| 526 | _aP139 | ||
| 526 | _aP138 | ||
| 526 | _aP137 | ||
| 526 | _aP132 | ||
| 526 | _aP131 | ||
| 526 | _aP130 | ||
| 526 | _aP126 | ||
| 526 | _aP125 | ||
| 526 | _aP124 | ||
| 526 | _aP123 | ||
| 526 | _aP115 | ||
| 526 | _aP122 | ||
| 526 | _aP121 | ||
| 526 | _aP116 | ||
| 526 | _a P114 | ||
| 526 | _aP112 | ||
| 526 | _aP111 | ||
| 526 | _aP104 | ||
| 526 | _aP103 | ||
| 526 | _aP102 | ||
| 526 | _aP101 | ||
| 526 | _aP100 | ||
| 526 | _aP96 | ||
| 526 | _aP95 | ||
| 526 | _aP93 | ||
| 526 | _aP92 | ||
| 526 | _aP91 | ||
| 526 | _aP88 | ||
| 526 | _aP83 | ||
| 526 | _aP82 | ||
| 526 | _aP79 | ||
| 526 | _aP78 | ||
| 526 | _aP75 | ||
| 526 | _aP74 | ||
| 526 | _aP71 | ||
| 526 | _aP69 | ||
| 526 | _a P51 | ||
| 526 | _aP49 | ||
| 526 | _aP48 | ||
| 526 | _aP47 | ||
| 526 | _aP33 | ||
| 526 | _aP31 | ||
| 526 | _a P30 | ||
| 526 | _aP29 | ||
| 526 | _aP27 | ||
| 526 | _aP26 | ||
| 526 | _aP25 | ||
| 526 | _aP24 | ||
| 526 | _a P22 | ||
| 526 | _aP10 | ||
| 526 | _aP09 | ||
| 526 | _a P08 | ||
| 526 | _aP06 | ||
| 526 | _aP05 | ||
| 526 | _aP04 | ||
| 526 | _aP01 | ||
| 541 | _g0020-0002813; | ||
| 541 | _g002-00000792; | ||
| 650 | 1 | 4 | _aAdicción a Internet. |
| 650 | 2 | 4 | _aInternet. |
| 910 | _cdgt | ||
| 910 |
_armch _btqv _cwelc _d20170731 |
||
| 910 |
_adbm _brri _crri _d20190108 |
||
| 910 |
_adbm _bsag _csag _d20190422 |
||
| 942 |
_2ddc _cBOOK |
||
| 949 |
_a616.89 E16 2012 _wDEWEY _c1 _iFJ08302 _lCCODEBUJ1 _mBUJ _p21.85 _r0 _sY _tBOOK _u2017-07-31 _xSALUD _PP33 _0COMPRA _o.STAFF. Colección General Juliaca |
||
| 949 |
_a616 E19 2012 _wDEWEY _c1 _iFT02760 _lCCODEBUT1 _mBUT _p{Dolar}18.00 _r0 _sY _tBOOK _u2016-04-04 _xFSALUD _PP33 _o.STAFF. Colección General Tarapoto |
||
| 994 |
_aC0 _bPEPRU |
||
| 596 | _a1 2 3 | ||
| 999 |
_a616 E19 2012 _wDEWEY _c9166 _iFT02760 _d9166 _e2019-11-3 _f2019-2-20 _g1 _lCATALOGING _mBUT _n18 _p18.00 _r0 _sY _tBOOK _u2016-4-4 _xSALUD _zP33 _0COMPRA _o.STAFF. Colección General |
||
| 999 |
_a616.89 E16 2012 _wDEWEY _c1 _iFJ08302 _d2019-12-3 _e2019-9-24 _f2022-1-25 _g4 _lCCODEBUJ1 _mBUJ _n3 _p21.85 _q8 _r0 _sY _tBOOK _u2017-7-31 _xSALUD _zP33 _0COMPRA _o.STAFF. Colección General Juliaca |
||
| 999 |
_a616.89 E16 _wDEWEY _c1 _i79851 _f2021-11-4 _g5 _lCCODEBUL1 _mBUL _p80.00 _r0 _sY _tBOOK _u2019-1-8 _xSALUD _zP33 _0COMPRA _1FCOMPR2 _o.STAFF. Colección Ciencias de la Salud |
||
| 980 |
_81 _gALBERTO SANCHEZ Responsable de Automatización |
||